<?xml version="1.0" encoding="UTF-8"?>
<collection xmlns="http://www.loc.gov/MARC21/slim">
 <record>
  <leader>01104pamaa2200265   4500</leader>
  <controlfield tag="001">0000047529</controlfield>
  <controlfield tag="005">20130815090000.0</controlfield>
  <controlfield tag="008">100804                             eng  </controlfield>
  <datafield tag="020" ind1="0" ind2="0">
   <subfield code="a">0323002854 (pbk.) </subfield>
  </datafield>
  <datafield tag="090" ind1="0" ind2="0">
   <subfield code="a">RM701 </subfield>
   <subfield code="b">ANE 2000</subfield>
  </datafield>
  <datafield tag="100" ind1="1" ind2="0">
   <subfield code="a">Anemaet </subfield>
  </datafield>
  <datafield tag="245" ind1="1" ind2="0">
   <subfield code="a">Home rehabilitation : </subfield>
   <subfield code="b">guide to clinical practice  </subfield>
   <subfield code="c">Wendy K. Anemaet, Michelle E. Moffa-Trotter; </subfield>
   <subfield code="f">contributions  </subfield>
   <subfield code="c">Wendy K. Anemaet, Michelle E. Moffa-Trotter  </subfield>
   <subfield code="c">J. Mark Trotter.</subfield>
  </datafield>
  <datafield tag="260" ind1="0" ind2="0">
   <subfield code="a">St. Louis: </subfield>
   <subfield code="b">Mosby, </subfield>
   <subfield code="c">2000.</subfield>
  </datafield>
  <datafield tag="300" ind1=" " ind2=" ">
   <subfield code="a">xvi, 718 p.: </subfield>
   <subfield code="b">ill.; </subfield>
   <subfield code="c">26 cm.</subfield>
  </datafield>
  <datafield tag="500" ind1="0" ind2="0">
   <subfield code="a">Includes index</subfield>
  </datafield>
  <datafield tag="501" ind1="0" ind2="0">
   <subfield code="a">FMHS</subfield>
  </datafield>
  <datafield tag="650" ind1="0" ind2="0">
   <subfield code="a">Physical therapy -- </subfield>
   <subfield code="x">Patients -- </subfield>
   <subfield code="x">Home care -- </subfield>
   <subfield code="x">Handbooks, manuals, etc </subfield>
  </datafield>
  <datafield tag="650" ind1="0" ind2="0">
   <subfield code="a">Medical rehabilitation -- </subfield>
   <subfield code="x">Patients -- </subfield>
   <subfield code="x">Home care -- </subfield>
   <subfield code="x">Handbooks, manuals, etc </subfield>
  </datafield>
  <datafield tag="650" ind1="0" ind2="0">
   <subfield code="a">Home nursing -- </subfield>
   <subfield code="x">Handbooks, manuals, etc </subfield>
  </datafield>
  <datafield tag="650" ind1="0" ind2="0">
   <subfield code="a">Home Care Services -- </subfield>
   <subfield code="x">Handbooks </subfield>
  </datafield>
  <datafield tag="650" ind1="0" ind2="0">
   <subfield code="a">Rehabilitation -- </subfield>
   <subfield code="x">methods -- </subfield>
   <subfield code="x">Handbooks </subfield>
  </datafield>
  <datafield tag="650" ind1="0" ind2="0">
   <subfield code="a">Rehabilitation Nursing -- </subfield>
   <subfield code="x">methods -- </subfield>
   <subfield code="x">Handbooks </subfield>
  </datafield>
  <datafield tag="700" ind1="1" ind2="1">
   <subfield code="a">Moffa-Trotter, </subfield>
   <subfield code="h">Michelle E. </subfield>
  </datafield>
  <datafield tag="700" ind1="1" ind2="1">
   <subfield code="a">Trotter, </subfield>
   <subfield code="h">J. Mark </subfield>
  </datafield>
  <datafield tag="901" ind1=" " ind2=" ">
   <subfield code="u">www.mosby.com</subfield>
  </datafield>
 </record>
</collection>
